| 000 | 00431nam a2200193Ia 4500 | ||
|---|---|---|---|
| 008 | 210210b1947 xxu||||| |||| 00| 0 eng d | ||
| 041 | _aeng | ||
| 082 | _a829/847 | ||
| 100 | _aPHILLPOTTS (A E) | ||
| 245 | _aThere was an old woman | ||
| 260 |
_aLondon _bHutchinson & Co., _c1947 |
||
| 650 | _awoman | ||
| 650 | _awas | ||
| 650 | _aThere | ||
| 650 | _aold | ||
| 650 | _aan | ||
| 690 | _aEnglish Fiction | ||
| 906 | _a017444 | ||
| 999 |
_c137411 _d137411 |
||